000 00406nam a2200181Ia 4500
001 1484
005 20260306143732.0
008 260306t2013||||xx |||||||||||||| ||spa||
041 _aESP
082 _a150.195
_bL13 T. 2
100 _aLacan, Jacques
_eAUT
245 0 _aEscritos 2
260 _c2013
300 _a888 páginas :
_c23 cm.
650 _aGEN
654 _aCPS
942 _cLIB
_dJUS
_fJUS
_2ddc
_n
999 _c1484
_d1484